000 00489nam a2200205Ia 4500
005 20240823021117.0
008 240823s9999||||xx |||||||||||||| ||und||
020 _a81-7758-785-4
041 _aENGLISH
082 _A005.7565 P6
100 _a"Dunham,Margaret H"
245 0 _aData Mining
250 _a1st
260 _c2006
_b"Pearson Education,New "
500 _aYES
650 _aData Mining
_bComputer Applications
700 _a Sridhar S
942 _cBK
999 _c176309
_d176309